01198 2200445 4500001002100000005001500021035002000036007000300056008004100059020002200100082001000122084001600132100002400148245007400172260003000246300003300276650001400309600000900323990002000332990002000352990002000372990002000392990002000412990002000432990002000452990002000472990002000492990002000512990002000532990002000552990002000572990002000592990002000612990002000632990002000652990002000672990002000692990002000712990002000732INLIS00000000000064720260316092825 a0010-0623000127ta260316 g 0 ind  a978-979-29-2349-0 a633.1 a633.1 UTA b0 aUtama, Zulman Harja1 aBudi Daya Padi Pada Lahan Marjinal :bKiat Meningkatkan Produksi Padi aYogyakarta :bAndi,c2015 axx + 316 hlm. ;c16 x 23 cm. 4aPertanian 4aPadi a20221007.01.013 a20221007.01.011 a20221007.01.012 a20221007.01.010 a20221007.01.009 a20221007.01.017 a20221007.01.016 a20221007.01.029 a20221007.01.028 a20221007.01.027 a20221007.01.026 a20221007.01.025 a20221007.01.024 a20221007.01.021 a20221007.01.020 a20221007.01.019 a20221007.01.018 a20221007.01.015 a20221007.01.014 a20221007.01.023 a20221007.01.022